Responses for Show #3264 - Thursday, November 12, 1998

1998 Boston Week game 4.
From the Wang Center for the Performing Arts in Boston, Massachusetts.

Contestants

[<< previous game]

Julie Raines, an administrative assistant from Alexandria, Virginia

Harry Silverstein, a marketing executive from New York City, New York

Dave Troy, a food & beverage director from Vernon, Connecticut (whose 1-day cash winnings total $8,201)

[next game >>]

Jeopardy! Round responses

TEA PARTY
(Alex: How appropriate!)
CASTLES
1820s AMERICA
SCI FI IDENTIFY
(Alex: We'll give you the clue, you identify the film)
MYTH ME?
CROSSWORD CLUES "K"
    $100 8
Pinky finger

Harry
    $100 10
Kiss the Blarney stone

Julie
    $100 9
Maine

Dave
    $100 13
Back To The Future

Julie
    $100 1
(Dave: What is white?)

the Wheel of Fortune

Dave
Triple Stumper
    $100 3
Kilt

Harry
    $200 11
Cozy

Julie
    $200 16
William Randolph Hearst

Harry
    $200 17
Thomas Jefferson

Harry
    $200 24
Star Wars

Julie
    $200 2
(Harry: What is a plum?)
(Dave: What is a pomegranate?)
(Julie: What is a grape?)

the mulberry

DaveHarryJulie
Triple Stumper
    $200 4
Klutz

Julie
    $300 12
(Julie: What is a scone?)

a crumpet

DaveJulie
    $300 22
Windsor Castle

Julie
    $300 18
(Dave: Who is Crockett?)
(Harry: Who is Sam Houston?)

Stephen F. Austin

DaveHarry
Triple Stumper
    $300 21
Echo

Julie
    $300 5
Kudos

Julie
    $400 14
Tea bags

Julie
    $400 23
(Alex: And we have less than a minute to go.)

Edinburgh

Dave
    $400 19
Henry Clay

Triple Stumper
    $400 27
(Harry: What is [**]?)
[Initially ruled incorrect; reversed before Double Jeopardy! because "There was a sign in that film which said 'Welcome to Earth!'"]
(Dave: What is Coneheads?)
[Initially ruled incorrect, but recredited at the time of the ruling reversal because "under the rules of Jeopardy!, an incorrect response that followed didn't really take place, so Dave, your incorrect response doesn't figure in the equation and we're giving you $400 back."]

Independence Day (or Mars Attacks!)

Harry
    $400 6
(Rudyard) Kipling

Julie
    $1,000 15
Earl Grey

Julie
    $500 25
Lisbon

Harry
    $500 20
Great Salt Lake

Harry
    $500 26
The Day The Earth Stood Still

Triple Stumper
    $500 28
[The end-of-round signal sounds.]

Daedalus & Icarus

Harry
    $500 7
Kitchen

Julie

Scores at the first commercial break (after clue 12):

Dave Harry Julie
$100 $0 $1,200

Scores at the end of the Jeopardy! Round:

Dave Harry Julie
$200 $2,000 $3,500

Double Jeopardy! Round responses

"NEW" ENGLAND
PATRIOTS
THE MEDIA ON TV
ANIMAL ANAGRAMS
LET'S SPEAK AUSTRALIAN, MATE
HENRY JAMES' BOSTONIANS
(Alex: That is a reference to the novel The Bostonians, the 1886 novel by that author.)
    $200 9
(Julie: What is Hawaii?)
...
(Alex: "New" will be in all the correct responses.)

New Hampshire

DaveJulie
    $200 1
John Hancock

Julie
    $200 21
WKRP (In Cincinnati)

Dave
    $200 12
Owl (low)

Julie
    $200 3
Presents

Harry
    $400 10
Newport

Julie
    $400 2
Benedict Arnold

Harry
    $400 22
(Alex: We have a minute to go...)

Just Shoot Me!

Julie
    $400 13
Roach (Charo)

Harry
    $400 4
Beer

Harry
    $600 11
New Bedford

Harry
    $600 8
(Harry: Who is Patrick Henry?)

Thomas Paine

Harry
Triple Stumper
    $700 25
The Daily Planet ("Superman")

Julie
    $600 14
Gnu (gun)

Harry
    $600 5
Afternoon

Harry
    $600 27
[The end-of-round signal sounds.]

the women's suffrage movement

Julie
    $800 17
Newton

Dave
    $800 19
Betsy Ross

Harry
    $800 24
Lou Grant

Triple Stumper
    $800 15
Lobster (bolster)

Julie
    $800 6
(Dave: What is in thought?)
...
(Alex: You might be in thought as well!)

the nude

Dave
Triple Stumper
    $800 26
Vanessa Redgrave

Dave
    $1,400 18
(Dave: What is New Trier?)

New Limerick

Dave
    $1000 20
Marquis de Lafayette

Dave
    $1000 23
Dabney Coleman

Julie
    $1000 16
(Alex: This was a toughie, and you wouldn't want to eat a [*] either!)

cobra (carob)

Triple Stumper
    $1000 7
Dinkum

Dave

Scores at the end of the Double Jeopardy! Round:

Dave Harry Julie
$2,000 $5,400 $7,600

[wagering suggestions for these scores]

Final Jeopardy! Round responses

FAMOUS WOMEN
DaveWho was Gertrude Stein?
$997
HarryWho was
$1,000
JulieWho was George ?
$3,202
Helen Keller

Final scores:

Dave Harry Julie
$1,003 $4,400 $4,398
3rd place: Rand McNally gift certificate New champion: $4,400 2nd place: a trip to Hotel Melia Castilla, Madrid, Spain

Game dynamics:

Coryat scores:

Dave Harry Julie
$3,400 $5,400 $7,000
9 R,
5 W
(including 1 DD)
16 R,
3 W
20 R
(including 2 DDs),
3 W

Combined Coryat: $15,800

[game clues] [game scores] [suggest correction]

Game tape date: 1998-09-18
The J! Archive is created by fans, for fans. Scraping, republication, monetization, and malicious use prohibited; this site may use cookies and collect identifying information. See terms. The Jeopardy! game show and all elements thereof, including but not limited to copyright and trademark thereto, are the property of Jeopardy Productions, Inc. and are protected under law. This website is not affiliated with, sponsored by, or operated by Jeopardy Productions, Inc. Join the discussion at JBoard.tv.